00740nam a22001937a 4500999001900000005001700019010001500036020002700051035001400078037001300092082001700105245008800122260004100210270009600251300002100347700001600368942003200384952013000416 c189288d18928820220623102904.0 aENG-133331 a9789385000041c1050.00 aEN-116863 bDBAD/PUB a307.12109542 aVision For Varanasi:bApproach to City Management/cEdited by Aman Gupta [et.al...] aNew DelhibBharti Publicationsc2015 a4810/24, 3rd Floor, Ansari Road, Darya GanjbNew Delhie110002mbhartpublications@gmail.com a312p.c25cm(hbk) aGupta, Aman 2ddccENh307.121609542mVIS 001040708NFICaBNbBNd2022-06-23eDBAD/PUBg1050.00l0o307.121609542 VISpEN-116863r2022-06-23 00:00:00t1v1050.00yEN